| 000 | 00902cab a2200265 4500 | ||
|---|---|---|---|
| 001 | ABS58448 | ||
| 008 | 090401t1998 xxu||||| |||| 00| 0 eng d | ||
| 035 | _a(Sirsi) u85042 | ||
| 041 | _aeng | ||
| 100 | _aStrange, P. | ||
| 245 | _aHelp is at hand in assessing ground conditions | ||
| 260 | _c1998 | ||
| 350 | _a0 | ||
| 490 |
_aCSM _bChartered Surveyor Monthly _v7(6) March 1998, 42-43(2) |
||
| 520 | _aEvaluates the Address Linked Geological System (ALGI) which uses gis technology to assess ground conditions. Information on Bristol, Bath and London (within the M25) is currently available. | ||
| 650 | _aADDRESS LINKED GEOLOGICAL INVENTORY | ||
| 650 | _aADVERSE GROUND CONDITIONS | ||
| 650 | _aALGI | ||
| 650 | _aDIGITAL MAPS | ||
| 650 | _aGEOLOGICAL MAPS | ||
| 650 | _aGIS | ||
| 690 | _aMANAGEMENT-BUSINESS MANAGEMENT-INFORMATION MANAGEMENT | ||
| 942 | _n0 | ||
| 948 | _c18/03/1998 | ||
| 999 |
_c53464 _d53464 |
||